Saving soil with sod in Ohio Valley region.

Bibliographic Details
Corporate Author: United States. Soil Conservation Service
Format: Government Document eBook
Language:English
Published: [Washington] : [s.n.], 1939.
Subjects:
Online Access:Electronic resource (PDF)

MARC

Tag First Indicator Second Indicator Subfields
LEADER 00000cam a22000001i 4500
001 in00003973721
006 m d f
007 cr bn mmmapmmp
008 390725s1939 dcu o f000 0 eng d
005 20250211000329.5
035 |a ebd1933000036 
040 |a UMI  |c UMI  |e rda  |d UtOrBLW 
086 0 |a A 1.9:1836 
099 |a A1.9..1836 
110 1 |a United States.  |b Soil Conservation Service.  |0 http://id.loc.gov/authorities/names/n78085479 
245 1 0 |a Saving soil with sod in Ohio Valley region. 
264 1 |a [Washington] :  |b [s.n.],  |c 1939. 
300 |a 1 online resource (2+30 pages), digital, PDF file 
336 |a text  |b txt  |2 rdacontent 
337 |a computer  |b c  |2 rdamedia 
338 |a online resource  |b cr  |2 rdacarrier 
533 |a Electronic reproduction.  |b [Bethesda, Md.] :  |c ProQuest,  |d 2016  |e digital, PDF file.  |n ProQuest U.S. Executive Branch Documents  |n Mode of access: World Wide Web via ProQuest website. 
588 |a Record is based on online resource; title from PDF title page (ProQuest, last viewed July 2016). Reuse except for individual research requires license from ProQuest, LLC. 
650 0 |a Soil conservation.  |0 http://id.loc.gov/authorities/subjects/sh85124329 
650 0 |a Farms.  |0 http://id.loc.gov/authorities/subjects/sh85047299 
651 0 |a Ohio.  |0 http://id.loc.gov/authorities/names/n79049197 
651 0 |a Ohio River Valley.  |0 http://id.loc.gov/authorities/subjects/sh85094291 
856 4 0 |u http://proxy.library.tamu.edu/login?url=http://congressional.proquest.com/congressional/docview/t66.d71.a1.9..1836?  |y Electronic resource (PDF)  |t 0 
999 f f |s ea0855a6-8868-31a7-a4bc-b869902509da  |i eb004576-d5d5-3ad4-a185-9ddea4051163  |t 0 
952 f f |a Texas A&M University  |b College Station  |c Electronic Resources  |d Available Online  |t 0  |h No information provided 
998 f f |t 0  |l Available Online